000 00423ntaaa2200169 4500
003 01
005 20251027201041.0
008 0714s1973 ag 01
040 _aAR-BaBN
_bspa
_cAR-BaBN
_eaacr
_dRIC
082 _a178 Oa8
100 _aOates, Wayne E.
245 _aAlcohol in and out of the church /
_cWayne E. Oates
250 _a1 ed.
260 _aNashville :
_bBroadman Press,
_cc/1966
300 _a136 p.
942 _cBK
999 _c4663
_d4663